LDR 00572nam a2200181 i 4500 001 000000228586 003 CaOOAMICUS 005 20260324145417.0 008 140404n it u000 u ger u 013 $a207488 040 $aSeMil$bita 245 10$a1. Band. 300 $aXX, 1332 p. 773 0 $tHeilige Schrift des Alten und Neuen Testamentes.$dRegensburg : Pustet, 1903.$g1$w()29663 850 $aSeMil 852 $aSeMil$W1$xVenegono$y1$m2Y V 66$j178932$B178932$CSeMilBibl$Z2$F189976 $81 996 $6245$a1. Band$9(OLS)http://semarc/title/62085